Mujeres artistas. Una selección de Linda Nochlin.

Saved in:
Bibliografiske detaljer
Hovedforfatter: Reilly, Maura (editora)
Format: Ukendt
Udgivet: Madrid, España: Alianza, 2022.
Fag:
Tags: Tilføj Tag
Ingen Tags, Vær først til at tagge denne postø!

MARC

LEADER 00000 a2200000 4500
003 CL-VaPUC
005 20221104154018.0
008 220624t2022 ||||| |||| 00| 0 eng d
999 |c 436210  |d 436208 
020 |a 9788413627113 
040 |c Pontificia Universidad Católica de Valparaíso 
082 7 |a 704.042 REI 2022  |2 22 
100 |a Reilly, Maura  |9 871153  |e editora 
245 |a Mujeres artistas.  |b Una selección de Linda Nochlin.  
260 |a Madrid, España:  |b Alianza,   |c 2022. 
300 |a 529 páginas;  |b 230 ilustraciones. 
583 |k Cristina María Rojas Aguilar  |c 20220624 
600 |a Nochlin, Linda,  |d 1931-2017  |x Entrevistas  |9 871533 
650 0 |a Artistas mujeres  |9 326840 
942 |2 ddc  |c BK 
952 |0 0  |1 0  |2 ddc  |4 0  |6 704_042000000000000_REI_2022  |7 0  |8 A  |9 584042  |a BIBART  |b BIBART  |d 2022-06-24  |e 1  |g 79078.00  |i 5652108  |l 2  |o 704.042 REI 2022  |p 5652108  |r 2025-03-13  |s 2024-11-04  |t 1  |v 79078.00  |w 2022-06-24  |y BK  |k ART